[Event "Play for Durgesh Fundraiser Blitz"]
[Site "Vishy Anand Arena"]
[Date "2020.09.19"]
[Round "6"]
[White "HRICK2008"]
[Black "Hemanthagowda23"]
[Result "0-1"]
[WhiteElo "1502"]
[BlackElo "1302"]
[Annotator "NA"]
[PlyCount "82"]
[EventDate "2020.09.19"]
[EventType "swiss (blitz)"]

1. d4 d5 2. Nc3 Nf6 3. Bf4 Nc6 4. Nb5 e5 5. dxe5 Nh5 6. e3 Nxf4 7. exf4 a6 8. Nc3 Bb4 9. a3 Ba5 10. Nf3 Be6 11. Be2 O-O 12. O-O Bxc3 13. bxc3 f5 14. exf6 Qxf6 15. Ng5 h6 16. Nxe6 Qxe6 17. Qd2 Rad8 18. Rfe1 Qf5 19. g3 d4 20. cxd4 Rxd4 21. Qc3 Qg6 22. Kf1 Qf5 23. Bc4+ Kh8 24. Be6 Qb5+ 25. Kg1 Re8 26. Bb3 Rxe1+ 27. Rxe1 Rd8 28. Re5 Nxe5 29. Qxe5 Qd7 30. Kg2 Qc6+ 31. Kh3 Qd7+ 32. Be6 Qe7 33. Qf5 Re8 34. Bb3 Qd6 35. Qf7 Rf8 36. Qc4 Qd7+ 37. Qe6 Qxe6+ 38. Bxe6 b5 39. Bb3 c5 40. c4 b4 41. axb4 cxb4 0-1

[Event "Play for Durgesh Fundraiser Blitz"]
[Site "Vishy Anand Arena"]
[Date "2020.09.19"]
[Round "6"]
[White "nachikethv"]
[Black "Vaishnavi0309"]
[Result "1-0"]
[WhiteElo "1501"]
[BlackElo "1420"]
[Annotator "NA"]
[PlyCount "33"]
[EventDate "2020.09.19"]
[EventType "swiss (blitz)"]

1. e4 e5 2. d4 exd4 3. Bc4 Nc6 4. Nf3 d6 5. Ng5 Ne5 6. Bb3 Nf6 7. f4 h6 8. fxe5 hxg5 9. exf6 Qxf6 10. Rf1 Qe5 11. Bxf7+ Kd8 12. Nd2 Rxh2 13. Bc4 Qg3+ 14. Rf2 Rh1+ 15. Nf1 Bg4 16. Be2 Bxe2 17. Qxe2 1-0

[Event "Play for Durgesh Fundraiser Blitz"]
[Site "Vishy Anand Arena"]
[Date "2020.09.19"]
[Round "6"]
[White "kaukik"]
[Black "AAKASH M H"]
[Result "1-0"]
[WhiteElo "1500"]
[BlackElo "1489"]
[Annotator "NA"]
[PlyCount "81"]
[EventDate "2020.09.19"]
[EventType "swiss (blitz)"]

1. d4 d5 2. c4 dxc4 3. e4 Nc6 4. Be3 e5 5. d5 Nce7 6. Bxc4 Nf6 7. Nc3 Ng6 8. Nge2 Bb4 9. O-O O-O 10. a3 Bd6 11. b4 a5 12. b5 Bd7 13. a4 Qe7 14. Ng3 Bb4 15. Rc1 c6 16. bxc6 bxc6 17. dxc6 Bxc6 18. Bg5 Rfd8 19. Qb3 Rab8 20. Nf5 Qe8 21. Bxf6 gxf6 22. Bxf7+ Qxf7 23. Nh6+ Kh8 24. Nxf7+ Kg7 25. Qa2 Rd3 26. Nd5 Rd2 27. Rc2 Rxc2 28. Qxc2 Bxd5 29. exd5 Kxf7 30. Qc7+ Ne7 31. Qxb8 Kg6 32. d6 Nc6 33. Qe8+ Kf5 34. Qxc6 Bxd6 35. Qxd6 e4 36. f4 e3 37. Qd5+ Kg4 38. f5 e2 39. h3+ Kg3 40. Qf3+ Kh4 41. Qg4# 1-0

[Event "Play for Durgesh Fundraiser Blitz"]
[Site "Vishy Anand Arena"]
[Date "2020.09.19"]
[Round "6"]
[White "Rohan sri hari"]
[Black "Mraa"]
[Result "0-1"]
[WhiteElo "1490"]
[BlackElo "1495"]
[Annotator "NA"]
[PlyCount "44"]
[EventDate "2020.09.19"]
[EventType "swiss (blitz)"]

1. e4 c5 2. Nf3 d6 3. d4 cxd4 4. Nxd4 Nf6 5. Nc3 a6 6. Be3 e6 7. f4 Be7 8. Bd3 Qc7 9. O-O b5 10. a3 Bb7 11. Qe2 Nc6 12. Nxc6 Bxc6 13. Qf2 O-O 14. Qg3 Rfe8 15. e5 dxe5 16. fxe5 Nd5 17. Bh6 g6 18. Ne4 Rac8 19. Nf6+ Nxf6 20. exf6 Bf8 21. Qh4 Qd6 22. Rad1 Bxh6 0-1

[Event "Play for Durgesh Fundraiser Blitz"]
[Site "Vishy Anand Arena"]
[Date "2020.09.19"]
[Round "6"]
[White "Namansati"]
[Black "Sushruthareddy"]
[Result "0-1"]
[WhiteElo "1483"]
[BlackElo "1657"]
[Annotator "NA"]
[PlyCount "88"]
[EventDate "2020.09.19"]
[EventType "swiss (blitz)"]

1. e4 e5 2. Nf3 Nc6 3. Bb5 a6 4. Ba4 b5 5. Bb3 Nf6 6. d3 d6 7. a4 bxa4 8. Bxa4 Bd7 9. c3 Be7 10. d4 exd4 11. cxd4 O-O 12. e5 dxe5 13. dxe5 Ne4 14. Bxc6 Bxc6 15. Qxd8 Raxd8 16. O-O Nc5 17. Nbd2 Bxf3 18. Nxf3 Nd3 19. Bg5 Bxg5 20. Nxg5 Nxe5 21. Nh3 Rd2 22. Rae1 f6 23. Nf4 Rxb2 24. Ne6 Rc8 25. Nc5 a5 26. f4 Nf7 27. Re7 Ra2 28. Rfe1 Nd6 29. Ne6 Kh8 30. Rxc7 Rxc7 31. Nxc7 h6 32. Ne8 Nxe8 33. Rxe8+ Kh7 34. Ra8 a4 35. h3 a3 36. Kh2 Kg6 37. Kg3 h5 38. Kh4 Rxg2 39. Rxa3 Rf2 40. Rg3+ Kh6 41. Re3 Rxf4+ 42. Kg3 Ra4 43. Re8 Ra3+ 44. Kh4 g5# 0-1

[Event "Play for Durgesh Fundraiser Blitz"]
[Site "Vishy Anand Arena"]
[Date "2020.09.19"]
[Round "6"]
[White "kaukik"]
[Black "strangebhaina"]
[Result "1-0"]
[WhiteElo "1483"]
[BlackElo "1496"]
[Annotator "NA"]
[PlyCount "43"]
[EventDate "2020.09.19"]
[EventType "swiss (blitz)"]

1. d4 Nf6 2. c4 g6 3. Nf3 Bg7 4. g3 O-O 5. Bg2 d6 6. O-O e5 7. dxe5 dxe5 8. Nxe5 Qd2 9. Nxd2 Nfd7 10. Nxd7 Nxd7 11. Ne4 Ne5 12. b3 Bf5 13. Rb1 Rad8 14. Qc2 Nc6 15. e3 Nb4 16. Qe2 Rfe8 17. f3 Bxe4 18. fxe4 Nd3 19. Rd1 Bf6 20. Rxd3 Rxd3 21. Qxd3 Bg5 22. Bb2 1-0

[Event "Play for Durgesh Fundraiser Blitz"]
[Site "Vishy Anand Arena"]
[Date "2020.09.19"]
[Round "6"]
[White "Big_lion"]
[Black "RuchirNSB"]
[Result "0-1"]
[WhiteElo "1480"]
[BlackElo "1210"]
[Annotator "NA"]
[PlyCount "80"]
[EventDate "2020.09.19"]
[EventType "swiss (blitz)"]

1. d4 Nf6 2. c4 g6 3. e3 Bg7 4. Nc3 d5 5. cxd5 Nxd5 6. Bc4 Nxc3 7. bxc3 c5 8. Ne2 cxd4 9. Nxd4 O-O 10. O-O Nc6 11. Nxc6 bxc6 12. Qxd8 Rxd8 13. Bb2 Bf5 14. f3 Rd2 15. Rab1 Bxb1 16. Rxb1 Rad8 17. e4 Rd1+ 18. Rxd1 Rxd1+ 19. Kf2 Rd2+ 20. Ke1 Rxb2 21. a3 Bxc3+ 22. Kf1 Kf8 23. Kg1 Bd4+ 24. Kf1 Rf2+ 25. Ke1 Rxg2 26. Bf1 Rg1 27. Ke2 Bb2 28. Bh3 Bxa3 29. Ke3 Rh1 30. Kf4 Bd6+ 31. Kg4 Rxh2 32. f4 h5+ 33. Kg3 Rxh3+ 34. Kxh3 Bxf4 35. Kh4 a5 36. e5 a4 37. e6 a3 38. Kh3 a2 39. exf7 a1=Q 40. Kh4 Qh1# 0-1

[Event "Play for Durgesh Fundraiser Blitz"]
[Site "Vishy Anand Arena"]
[Date "2020.09.19"]
[Round "6"]
[White "Mithilesh2009"]
[Black "Aneesh009"]
[Result "0-1"]
[WhiteElo "1480"]
[BlackElo "1687"]
[Annotator "NA"]
[PlyCount "84"]
[EventDate "2020.09.19"]
[EventType "swiss (blitz)"]

1. e4 e5 2. Nf3 Nf6 3. Bc4 Nc6 4. Ng5 d5 5. exd5 Nd4 6. O-O b5 7. Bb3 Bd6 8. c3 Nxb3 9. Qxb3 a6 10. d4 exd4 11. cxd4 O-O 12. Nc3 h6 13. Nf3 Re8 14. Be3 Bg4 15. Nd2 Bf5 16. Rfe1 Bg6 17. Nf3 Ne4 18. Nxe4 Bxe4 19. Bd2 c6 20. dxc6 Bxc6 21. Rxe8+ Bxe8 22. Re1 Ra7 23. Qe3 Re7 24. Qb3 Rxe1+ 25. Bxe1 Qe7 26. g3 Bc6 27. Bd2 Qe4 28. Kg2 g5 29. Qc3 g4 30. Bxh6 Qxf3+ 31. Qxf3 Bxf3+ 32. Kg1 f5 33. Bg5 Kf7 34. Bh4 Ke6 35. b4 Bxb4 36. h3 Be7 37. Bxe7 Kxe7 38. hxg4 Bxg4 39. Kg2 Kd6 40. f3 Bh5 41. Kh3 Bxf3 42. Kh4 Bg4 0-1

[Event "Play for Durgesh Fundraiser Blitz"]
[Site "Vishy Anand Arena"]
[Date "2020.09.19"]
[Round "6"]
[White "HRICK2008"]
[Black "PowerPufGirl"]
[Result "1-0"]
[WhiteElo "1476"]
[BlackElo "1403"]
[Annotator "NA"]
[PlyCount "59"]
[EventDate "2020.09.19"]
[EventType "swiss (blitz)"]

1. d4 d6 2. Nc3 a6 3. Bf4 h6 4. Nf3 Nc6 5. e4 e5 6. dxe5 dxe5 7. Qxd8+ Nxd8 8. Nxe5 Bd6 9. Bc4 Bxe5 10. Bxe5 f6 11. Bxc7 Nc6 12. a3 Bd7 13. O-O-O Bg4 14. f3 Bh5 15. g4 Bf7 16. Bxf7+ Kxf7 17. Rd7+ Nge7 18. Rhd1 Kg6 19. h4 Kh7 20. Bg3 Rhe8 21. Rxb7 Rac8 22. Rdd7 Rg8 23. g5 h5 24. gxf6 Ng6 25. Rxg7+ Rxg7 26. Rxg7+ Kh8 27. Rxg6 Nd8 28. Be5 Kh7 29. Rg7+ Kh6 30. Bf4# 1-0

[Event "Play for Durgesh Fundraiser Blitz"]
[Site "Vishy Anand Arena"]
[Date "2020.09.19"]
[Round "6"]
[White "Kakashi Hatake"]
[Black "Abdulkalam25677853"]
[Result "1-0"]
[WhiteElo "1474"]
[BlackElo "1651"]
[Annotator "NA"]
[PlyCount "73"]
[EventDate "2020.09.19"]
[EventType "swiss (blitz)"]

1. e4 c5 2. d4 cxd4 3. c3 dxc3 4. Nxc3 Nc6 5. Bc4 e6 6. Nf3 Bc5 7. O-O Nf6 8. e5 Ng8 9. Ne4 b6 10. Bg5 Nge7 11. Nd6+ Kf8 12. Nd2 h6 13. Bh4 g5 14. Bg3 Ng6 15. N2e4 Ngxe5 16. Nxc5 bxc5 17. Qh5 Qe7 18. Rfd1 Nxc4 19. Nxc4 Ke8 20. Nd6+ Kf8 21. Rd3 Nd4 22. h4 Kg7 23. Re1 Ba6 24. Rde3 f6 25. Re4 Rab8 26. Rxd4 cxd4 27. Nf5+ Kf8 28. Nxe7 Kxe7 29. Bxb8 Rxb8 30. hxg5 Rxb2 31. gxf6+ Kxf6 32. Qxh6+ Ke7 33. Qg7+ Kd8 34. Qf6+ Kc8 35. Rc1+ Kb7 36. Qd8 Rb6 37. Rc7# 1-0

[Event "Play for Durgesh Fundraiser Blitz"]
[Site "Vishy Anand Arena"]
[Date "2020.09.19"]
[Round "6"]
[White "Aayush NPS"]
[Black "Prateek_thakur"]
[Result "0-1"]
[WhiteElo "1472"]
[BlackElo "1407"]
[Annotator "NA"]
[PlyCount "108"]
[EventDate "2020.09.19"]
[EventType "swiss (blitz)"]

1. d4 d5 2. Nc3 Nf6 3. Nf3 Bf5 4. Bf4 e6 5. e3 Bb4 6. Qd2 O-O 7. Bd3 Ne4 8. a3 Nxd2 9. Kxd2 Bxc3+ 10. Kxc3 Bxd3 11. Kxd3 Nc6 12. c4 dxc4+ 13. Kxc4 a6 14. Rhd1 Qd5+ 15. Kd3 f6 16. e4 Qb5+ 17. Kc3 Qa5+ 18. b4 Qa4 19. Nd2 Rfd8 20. d5 exd5 21. exd5 Rxd5 22. Bxc7 Ne5 23. Bxe5 Rxe5 24. Nc4 Rc8 25. Rd4 b5 26. Rad1 Qxa3+ 27. Kc2 bxc4 28. Rxc4 Rxc4+ 29. Kd2 Qd3+ 30. Kxd3 Rxb4 31. Kc3 Rbe4 32. Rd8+ Kf7 33. Kd3 a5 34. f3 Re3+ 35. Kd4 a4 36. f4 R5e4+ 37. Kd5 a3 38. Rd7+ Re7 39. Rd6 a2 40. Ra6 Re2 41. Kd4 Rxg2 42. h4 Rb7 43. Kd5 Rb1 44. Ra7+ Kg6 45. h5+ Kxh5 46. Rxa2 Rxa2 47. Ke4 Ra5 48. Kf3 Rb4 49. Ke3 Ra3+ 50. Kd2 Rb2+ 51. Kc1 Raa2 52. f5 Rh2 53. Kb1 Raf2 54. Kc1 Rf1# 0-1

[Event "Play for Durgesh Fundraiser Blitz"]
[Site "Vishy Anand Arena"]
[Date "2020.09.19"]
[Round "6"]
[White "Chess_king123"]
[Black "Shaarav heda"]
[Result "1-0"]
[WhiteElo "1471"]
[BlackElo "1323"]
[Annotator "NA"]
[PlyCount "49"]
[EventDate "2020.09.19"]
[EventType "swiss (blitz)"]

1. e4 e5 2. d4 d5 3. dxe5 dxe4 4. Qxd8+ Kxd8 5. f3 exf3 6. Nxf3 Bg4 7. Ng5 Ke8 8. Nc3 Bb4 9. a3 Bxc3+ 10. bxc3 h6 11. Nf3 Bxf3 12. gxf3 Nc6 13. Bh3 Nxe5 14. Kf2 Rd8 15. Re1 f6 16. f4 Rd5 17. fxe5 fxe5 18. Bb2 Nf6 19. c4 Ne4+ 20. Rxe4 Rd2+ 21. Kf3 Rf8+ 22. Kg3 Rxc2 23. Rxe5+ Kd8 24. Rd1+ Rd2 25. Rxd2# 1-0

[Event "Play for Durgesh Fundraiser Blitz"]
[Site "Vishy Anand Arena"]
[Date "2020.09.19"]
[Round "6"]
[White "SatvikCV"]
[Black "Chess98c"]
[Result "1-0"]
[WhiteElo "1471"]
[BlackElo "1567"]
[Annotator "NA"]
[PlyCount "123"]
[EventDate "2020.09.19"]
[EventType "swiss (blitz)"]

1. e4 e5 2. Nf3 Nc6 3. Bc4 d6 4. d3 Bg4 5. Nc3 Nf6 6. h3 Bxf3 7. Qxf3 Nd4 8. Qd1 Be7 9. Nd5 Nxd5 10. Bxd5 c6 11. Bc4 b5 12. Bb3 O-O 13. c3 Nxb3 14. Qxb3 Bg5 15. Bxg5 Qxg5 16. O-O Kh8 17. d4 exd4 18. cxd4 f5 19. exf5 Rxf5 20. Rad1 Raf8 21. Qc2 Rf3 22. Rd3 R3f6 23. Qxc6 Rg6 24. Rg3 Qh5 25. Rxg6 Qxg6 26. Qxb5 d5 27. Qxd5 Qc2 28. b4 Qb2 29. b5 Rb8 30. Qc5 Qxa2 31. d5 Qa5 32. d6 Qxb5 33. Qxa7 Qb7 34. Qxb7 Rxb7 35. Rd1 Rd7 36. Kf1 g6 37. Ke2 Kg7 38. Ke3 Kf6 39. Ke4 Ke6 40. Kf4 h6 41. Kg4 Rxd6 42. Rxd6+ Kxd6 43. f4 Ke6 44. h4 Kf6 45. h5 g5 46. fxg5+ hxg5 47. g3 Kg7 48. Kxg5 Kh7 49. Kf5 Kh6 50. g4 Kg7 51. g5 Kh7 52. g6+ Kh6 53. Kf6 Kxh5 54. g7 Kg4 55. g8=Q+ Kf3 56. Kf5 Ke2 57. Ke4 Kd2 58. Qg3 Kc2 59. Kd4 Kb1 60. Kc3 Ka1 61. Qg2 Kb1 62. Qb2# 1-0

[Event "Play for Durgesh Fundraiser Blitz"]
[Site "Vishy Anand Arena"]
[Date "2020.09.19"]
[Round "6"]
[White "Abhishek20082000"]
[Black "Prateek_thakur"]
[Result "0-1"]
[WhiteElo "1468"]
[BlackElo "1368"]
[Annotator "NA"]
[PlyCount "76"]
[EventDate "2020.09.19"]
[EventType "swiss (blitz)"]

1. d4 d5 2. e3 Bf5 3. c4 c6 4. Qb3 Qb6 5. Qxb6 axb6 6. cxd5 cxd5 7. Nc3 Nf6 8. Bb5+ Bd7 9. Bd3 e6 10. Nf3 Bb4 11. Bd2 Bxc3 12. Bxc3 O-O 13. O-O Nc6 14. Bb5 Na5 15. Be2 Nc4 16. Ne5 Nxe5 17. dxe5 Ne4 18. Bb4 Rfc8 19. Bf3 Rc2 20. Bxe4 dxe4 21. Bc3 b5 22. a3 b6 23. Rfd1 Bc6 24. h3 Bd5 25. Rac1 Rxc1 26. Rxc1 h6 27. Rd1 Rc8 28. Rd4 Rc4 29. Rxc4 bxc4 30. Kf1 g5 31. Ke1 Kh7 32. Kd2 Kg6 33. Bb4 b5 34. Be7 Kf5 35. Bd6 f6 36. exf6 Kxf6 37. Kc3 e5 38. Kb4 Bc6 0-1

[Event "Play for Durgesh Fundraiser Blitz"]
[Site "Vishy Anand Arena"]
[Date "2020.09.19"]
[Round "6"]
[White "Rohan sri hari"]
[Black "BalbirSinghRana"]
[Result "1-0"]
[WhiteElo "1463"]
[BlackElo "1683"]
[Annotator "NA"]
[PlyCount "75"]
[EventDate "2020.09.19"]
[EventType "swiss (blitz)"]

1. e4 d5 2. e5 c5 3. d4 cxd4 4. Qxd4 Nc6 5. Qd1 Bf5 6. Nf3 e6 7. Bb5 Qb6 8. Bxc6+ bxc6 9. Nbd2 Bc5 10. O-O Nh6 11. a3 Ng4 12. Qe1 O-O 13. Nb3 Be7 14. Qd1 Qc7 15. Bf4 Qd8 16. h3 g5 17. hxg4 gxf4 18. gxf5 Kh8 19. f6 Bxf6 20. exf6 Qxf6 21. Qd4 Qxd4 22. Nbxd4 c5 23. Ne2 Rg8 24. Nxf4 Rg4 25. Nh3 Rag8 26. g3 e5 27. Nxe5 Rh4 28. Kh2 Rh5 29. Nxf7+ Kg7 30. Nd6 Kf6 31. Rfe1 Rg6 32. Ne8+ Kf7 33. Nc7 Rgh6 34. Kg2 Rxh3 35. Nxd5 Rh2+ 36. Kf3 Rd6 37. Re7+ Kf8 38. c4 1-0

[Event "Play for Durgesh Fundraiser Blitz"]
[Site "Vishy Anand Arena"]
[Date "2020.09.19"]
[Round "6"]
[White "Vhjoshi"]
[Black "Evilgenuisfanop2"]
[Result "0-1"]
[WhiteElo "1463"]
[BlackElo "1563"]
[Annotator "NA"]
[PlyCount "154"]
[EventDate "2020.09.19"]
[EventType "swiss (blitz)"]

1. d4 d5 2. c4 e6 3. Nc3 Bb4 4. Bf4 Nf6 5. e3 Ne4 6. Qc2 c6 7. a3 Bxc3+ 8. bxc3 Qa5 9. Ne2 O-O 10. f3 Nf6 11. Ng3 dxc4 12. Bxc4 b5 13. Bd3 Qa4 14. Qxa4 bxa4 15. O-O Ba6 16. Bxa6 Nxa6 17. Bd6 Rfc8 18. e4 c5 19. Rad1 cxd4 20. cxd4 Nc7 21. Be5 Nb5 22. Bxf6 gxf6 23. Rd3 Rd8 24. Rfd1 Rac8 25. Ne2 Rc7 26. Kf2 Rcd7 27. Ke3 Kf8 28. Nf4 e5 29. dxe5 Rxd3+ 30. Rxd3 Rxd3+ 31. Kxd3 fxe5 32. Nd5 Nxa3 33. Kc3 Nb5+ 34. Kb4 Nd4 35. Kxa4 Ke8 36. Nc7+ Ke7 37. Na6 Ne2 38. Nc5 Nf4 39. g3 Nh3 40. Nd3 Kd6 41. Ne1 f6 42. Ka5 Kc7 43. Ka6 Kb8 44. Nd3 Ng1 45. Ne1 h6 46. f4 Ne2 47. Nd3 h5 48. fxe5 fxe5 49. Nxe5 Nd4 50. Ng6 Nc6 51. Nf4 Nb4+ 52. Kb5 Nc2 53. Nxh5 Nd4+ 54. Kc4 Nf3 55. h4 Ne5+ 56. Kd5 Ng4 57. e5 a5 58. Nf4 a4 59. Kc4 Nxe5+ 60. Kb4 Nf7 61. Kxa4 Nh6 62. Kb4 Kc7 63. Kc4 Kd6 64. Kd4 Ke7 65. Ke5 Kf7 66. Ne2 Kg7 67. Kf4 Nf7 68. g4 Nh6 69. g5 Nf7 70. Kg4 Nd6 71. h5 Ne4 72. Kf4 Nd6 73. Ke5 Nf7+ 74. Kf4 Nd6 75. Kg4 Nf7 76. h6+ Kg6 77. Kf4 Ne5 0-1

[Event "Play for Durgesh Fundraiser Blitz"]
[Site "Vishy Anand Arena"]
[Date "2020.09.19"]
[Round "6"]
[White "Anshuman Upadhyay"]
[Black "Henrik"]
[Result "0-1"]
[WhiteElo "1458"]
[BlackElo "1764"]
[Annotator "NA"]
[PlyCount "80"]
[EventDate "2020.09.19"]
[EventType "swiss (blitz)"]
[BlackTeam "SK Gründau"]

1. e4 c6 2. Nf3 d5 3. d3 dxe4 4. dxe4 Qxd1+ 5. Kxd1 Bg4 6. Be2 Nd7 7. Nc3 e6 8. Bd2 O-O-O 9. Kc1 Ngf6 10. Bd3 Nc5 11. Ne1 h6 12. h3 Bh5 13. g4 Bg6 14. f3 Bd6 15. Rf1 Bg3 16. f4 Bxe1 17. Rxe1 Nxd3+ 18. cxd3 Rxd3 19. e5 Nd5 20. Nxd5 Rxd5 21. Bc3 Rhd8 22. b3 b5 23. Kb2 Kb7 24. a4 a6 25. axb5 cxb5 26. Ba5 Rc8 27. Bc3 Rd3 28. Rec1 Rxh3 29. Bd2 Rh2 30. Rxc8 Rxd2+ 31. Kc3 Rc2+ 32. Kb4 Rxc8 33. Rf1 Be4 34. Rf2 Rc2 35. Rxc2 Bxc2 36. Kc3 Bxb3 37. Kxb3 Kb6 38. Kb4 a5+ 39. Kb3 Kc5 40. Kc3 a4 0-1

[Event "Play for Durgesh Fundraiser Blitz"]
[Site "Vishy Anand Arena"]
[Date "2020.09.19"]
[Round "6"]
[White "Believe1996"]
[Black "Ahaanmehta"]
[Result "0-1"]
[WhiteElo "1450"]
[BlackElo "1658"]
[Annotator "NA"]
[PlyCount "68"]
[EventDate "2020.09.19"]
[EventType "swiss (blitz)"]

1. d4 d5 2. c4 e6 3. Nc3 Nf6 4. e3 c5 5. cxd5 exd5 6. Nf3 Nc6 7. dxc5 Bxc5 8. Be2 O-O 9. h3 Bb4 10. O-O Re8 11. Qb3 Bxc3 12. Qxc3 Bf5 13. Nd4 Nxd4 14. Qxd4 Re4 15. Qb4 Rxb4 16. b3 d4 17. Bd2 Rb6 18. Ba5 d3 19. Bxb6 axb6 20. Bf3 Rb8 21. Rfd1 Be4 22. Bg4 d2 23. Be2 Bc2 24. Rf1 Rc8 25. Bd1 Bxd1 26. Rfxd1 Qd3 27. Rab1 Kf8 28. Rb2 Rc2 29. Rbb1 Ne4 30. g3 Qc3 31. Kg2 Rc1 32. f3 Rxd1 33. Rxd1 Qxe3 34. fxe4 Qe2+ 0-1

[Event "Play for Durgesh Fundraiser Blitz"]
[Site "Vishy Anand Arena"]
[Date "2020.09.19"]
[Round "6"]
[White "smokyqueen"]
[Black "Parthivkava"]
[Result "1-0"]
[WhiteElo "1448"]
[BlackElo "1616"]
[Annotator "NA"]
[PlyCount "141"]
[EventDate "2020.09.19"]
[EventType "swiss (blitz)"]

1. e4 c6 2. Nf3 d5 3. exd5 cxd5 4. Be2 Bf5 5. O-O e6 6. d3 Bc5 7. Nc3 Ne7 8. d4 Bb6 9. Bd3 Bg4 10. Be3 Qd6 11. Be2 a6 12. a3 Nd7 13. Ne5 Bxe2 14. Qxe2 Nxe5 15. dxe5 Qxe5 16. Bxb6 Qxe2 17. Nxe2 O-O 18. Bc5 Rfe8 19. Bxe7 Rxe7 20. h3 h6 21. Rfe1 Rc8 22. Nd4 Rec7 23. c3 b5 24. Rad1 Rc4 25. Re5 R4c5 26. Rd3 a5 27. Kh2 b4 28. axb4 axb4 29. Nb3 bxc3 30. Nxc5 Rxc5 31. bxc3 Kh7 32. Kg3 g6 33. Rf3 Kg7 34. Re2 Rc6 35. Ra2 g5 36. Ra7 Kg6 37. Raxf7 e5 38. Rf8 e4 39. Re3 Re6 40. Rd8 Re5 41. f3 Kf5 42. fxe4+ Rxe4 43. Rxe4 Kxe4 44. Kg4 Ke5 45. Kh5 Ke6 46. Kxh6 Ke7 47. Rxd5 Ke6 48. Rf5 Kxf5 49. c4 Ke6 50. c5 Kd5 51. Kxg5 Kxc5 52. Kf6 Kd6 53. Kf7 Ke5 54. h4 Kf5 55. g3 Kg4 56. Kg6 Kxg3 57. h5 Kg4 58. h6 Kf4 59. h7 Ke4 60. h8=Q Kd5 61. Qe8 Kd4 62. Kf5 Kd5 63. Qe6+ Kd4 64. Qe5+ Kd3 65. Kf4 Kc4 66. Ke3 Kb4 67. Kd3 Kb3 68. Qc5 Ka4 69. Qb6 Ka3 70. Kc3 Ka2 71. Qb2# 1-0

[Event "Play for Durgesh Fundraiser Blitz"]
[Site "Vishy Anand Arena"]
[Date "2020.09.19"]
[Round "6"]
[White "Kakashi Hatake"]
[Black "Rahulyadav"]
[Result "1-0"]
[WhiteElo "1446"]
[BlackElo "1704"]
[Annotator "NA"]
[PlyCount "29"]
[EventDate "2020.09.19"]
[EventType "swiss (blitz)"]

1. e4 e5 2. Nf3 Nc6 3. Bc4 Bc5 4. b4 Bxb4 5. c3 Ba5 6. d4 d6 7. Qb3 Qd7 8. O-O Bb6 9. dxe5 Nxe5 10. Nxe5 dxe5 11. Rd1 Qe7 12. Ba3 Qf6 13. Qb4 Qxf2+ 14. Kh1 Nh6 15. Qe7# 1-0

[Event "Play for Durgesh Fundraiser Blitz"]
[Site "Vishy Anand Arena"]
[Date "2020.09.19"]
[Round "6"]
[White "Prajwalpshenoy"]
[Black "Ghostly"]
[Result "1-0"]
[WhiteElo "1437"]
[BlackElo "1393"]
[Annotator "NA"]
[PlyCount "57"]
[EventDate "2020.09.19"]
[EventType "swiss (blitz)"]

1. e4 e5 2. Nf3 Nc6 3. Bc4 Bc5 4. c3 Nf6 5. d3 d6 6. O-O Be6 7. Bb3 Bxb3 8. Qxb3 O-O 9. h3 Na5 10. Qd1 d5 11. b4 Nc6 12. bxc5 dxe4 13. dxe4 Qxd1 14. Rxd1 Nxe4 15. Be3 Rad8 16. Nfd2 Rxd2 17. Nxd2 Rd8 18. Nxe4 Rxd1+ 19. Rxd1 h6 20. Rd7 Na5 21. Rxc7 a6 22. Nd6 g5 23. Nxb7 Nc4 24. Nd6 Nxd6 25. cxd6 f5 26. d7 Kg7 27. d8=Q+ Kg6 28. Qe8+ Kf6 29. Qf7# 1-0

[Event "Play for Durgesh Fundraiser Blitz"]
[Site "Vishy Anand Arena"]
[Date "2020.09.19"]
[Round "6"]
[White "AVNEESH"]
[Black "Monideepbanerjee"]
[Result "0-1"]
[WhiteElo "1433"]
[BlackElo "1469"]
[Annotator "NA"]
[PlyCount "84"]
[EventDate "2020.09.19"]
[EventType "swiss (blitz)"]

1. e4 d5 2. Nc3 d4 3. Nb5 e5 4. Nf3 f6 5. Na3 a5 6. Bb5+ Bd7 7. Bxd7+ Qxd7 8. d3 b5 9. c4 b4 10. Nc2 Ne7 11. Bd2 Nbc6 12. O-O g6 13. a3 Qc8 14. axb4 Nxb4 15. Nxb4 axb4 16. Rxa8 Qxa8 17. Bxb4 Nc6 18. Bd2 Bb4 19. Bxb4 Nxb4 20. Qb3 c5 21. Qd1 O-O 22. Nh4 Kg7 23. Qg4 Qe8 24. Nf5+ Kg8 25. Nh6+ Kg7 26. Nf5+ Kg8 27. Ra1 Nxd3 28. b3 h5 29. Qg3 Nf4 30. Nd6 Ne2+ 31. Kf1 Nxg3+ 32. Kg1 Qd7 33. Nb5 Rb8 34. fxg3 Rxb5 35. Ra8+ Kg7 36. Ra1 Rxb3 37. Rc1 Rc3 38. Rxc3 dxc3 39. Kf1 c2 40. Ke1 c1=Q+ 41. Ke2 Qdd2+ 42. Kf3 Qcc3# 0-1

[Event "Play for Durgesh Fundraiser Blitz"]
[Site "Vishy Anand Arena"]
[Date "2020.09.19"]
[Round "6"]
[White "strangebhaina"]
[Black "Palakchaurasia"]
[Result "1-0"]
[WhiteElo "1429"]
[BlackElo "1419"]
[Annotator "NA"]
[PlyCount "51"]
[EventDate "2020.09.19"]
[EventType "swiss (blitz)"]

1. e4 e5 2. Nf3 Nc6 3. Bb5 d6 4. O-O Bd7 5. Nc3 Nf6 6. d4 exd4 7. Nd5 Nxd5 8. exd5 a6 9. Bxc6 bxc6 10. dxc6 Bxc6 11. Re1+ Be7 12. Nxd4 Be4 13. Rxe4 d5 14. Re5 O-O 15. Nc6 Qd6 16. Nxe7+ Kh8 17. Bf4 Rfe8 18. Qxd5 Qxd5 19. Nxd5 Rxe5 20. Bxe5 c6 21. Nc7 Rc8 22. Nxa6 Ra8 23. Nc5 Ra5 24. Bd4 Rb5 25. Re1 f6 26. Re8# 1-0

[Event "Play for Durgesh Fundraiser Blitz"]
[Site "Vishy Anand Arena"]
[Date "2020.09.19"]
[Round "6"]
[White "Stuti_Bhatt"]
[Black "Harshpatil"]
[Result "1-0"]
[WhiteElo "1427"]
[BlackElo "1408"]
[Annotator "NA"]
[PlyCount "45"]
[EventDate "2020.09.19"]
[EventType "swiss (blitz)"]

1. e4 e5 2. Nf3 Nc6 3. Bb5 Nf6 4. O-O Nxe4 5. d4 exd4 6. Re1 d5 7. Qxd4 Bd7 8. Qxd5 Nb4 9. Rxe4+ Be7 10. Qxd7+ Qxd7 11. Bxd7+ Kxd7 12. Re2 Rhe8 13. Nc3 Bf6 14. Ne4 Nxc2 15. Nxf6+ gxf6 16. Rd2+ Kc6 17. Rxc2+ Kb6 18. Be3+ Kb5 19. Rxc7 b6 20. Rac1 a5 21. R1c6 Rad8 22. Rxb6+ Ka4 23. Rc4# 1-0

[Event "Play for Durgesh Fundraiser Blitz"]
[Site "Vishy Anand Arena"]
[Date "2020.09.19"]
[Round "6"]
[White "Vhjoshi"]
[Black "Evilgenuisfanop2"]
[Result "1-0"]
[WhiteElo "1426"]
[BlackElo "1610"]
[Annotator "NA"]
[PlyCount "53"]
[EventDate "2020.09.19"]
[EventType "swiss (blitz)"]

1. d4 d5 2. c4 e6 3. Nc3 Bb4 4. Bf4 Nf6 5. e3 Ne4 6. Qc2 c6 7. a3 Bxc3+ 8. bxc3 Qa5 9. Ne2 O-O 10. f3 Nf6 11. Ng3 h6 12. Ne2 Nh5 13. Bg3 Nxg3 14. Nxg3 b5 15. cxd5 exd5 16. Bd3 Nd7 17. O-O Qc7 18. e4 dxe4 19. fxe4 Nf6 20. Nf5 Bxf5 21. Rxf5 a5 22. Raf1 Qd6 23. e5 Qxa3 24. exf6 g6 25. R5f3 b4 26. Qd2 bxc3 27. Qxh6 1-0

[Event "Play for Durgesh Fundraiser Blitz"]
[Site "Vishy Anand Arena"]
[Date "2020.09.19"]
[Round "6"]
[White "Adithya s"]
[Black "A1263a"]
[Result "0-1"]
[WhiteElo "1424"]
[BlackElo "1693"]
[Annotator "NA"]
[PlyCount "22"]
[EventDate "2020.09.19"]
[EventType "swiss (blitz)"]

1. d4 Nf6 2. c4 e6 3. Nc3 d5 4. Bg5 dxc4 5. Bxf6 Qxf6 6. e4 c5 7. Nf3 cxd4 8. Nxd4 Bc5 9. Nf3 g5 10. Bxc4 g4 11. Nd2 Qxf2# 0-1

[Event "Play for Durgesh Fundraiser Blitz"]
[Site "Vishy Anand Arena"]
[Date "2020.09.19"]
[Round "6"]
[White "SUNMEETH PAI M"]
[Black "Invokeanand"]
[Result "0-1"]
[WhiteElo "1424"]
[BlackElo "1349"]
[Annotator "NA"]
[PlyCount "24"]
[EventDate "2020.09.19"]
[EventType "swiss (blitz)"]

1. e4 e5 2. Nf3 Nc6 3. Bb5 Nf6 4. Nc3 a6 5. Bxc6 dxc6 6. Nxe5 Bd6 7. Nf3 O-O 8. d3 Bg4 9. O-O Qd7 10. h3 Bxh3 11. gxh3 Qxh3 12. Nh2 Qxh2# 0-1

[Event "Play for Durgesh Fundraiser Blitz"]
[Site "Vishy Anand Arena"]
[Date "2020.09.19"]
[Round "6"]
[White "Saharshkuna"]
[Black "Anant123"]
[Result "0-1"]
[WhiteElo "1418"]
[BlackElo "1432"]
[Annotator "NA"]
[PlyCount "50"]
[EventDate "2020.09.19"]
[EventType "swiss (blitz)"]

1. e4 Nc6 2. Bc4 e5 3. Qh5 g6 4. Qf3 Qe7 5. Nc3 Nd4 6. Qd3 c6 7. Nf3 Bg7 8. Nxd4 exd4 9. Ne2 Nf6 10. O-O b5 11. Bb3 O-O 12. a4 c5 13. Ba2 c4 14. Qf3 Bb7 15. axb5 Bxe4 16. Qf4 Nh5 17. Qg4 Bf5 18. Qf3 Be4 19. Qg4 f5 20. Bxc4+ d5 21. Bxd5+ Bxd5 22. Qxh5 gxh5 23. d3 Qxe2 24. Bg5 Qg4 25. Bd2 Qxg2# 0-1